000
00217nam a22000857a 4500
001
1235189
005
20250930110904.0
245
_a
LİDERLER VE DİĞERLERİ
_c
BRIGGITTE LABBE
260
_b
GÜNIŞIĞI KİTAPLIĞI YAYINLARI
999
_c
1235189
_d
1235189